书目信息 |
| 题名: |
纺织机械基础
|
|
| 作者: | 孟长明 主编 | |
| 分册: | ||
| 出版信息: | 北京 中国纺织出版社 2021.2 |
|
| 页数: | 192页 | |
| 开本: | 26cm | |
| 丛书名: | ||
| 单 册: | ||
| 中图分类: | TS103 | |
| 科图分类: | ||
| 主题词: | 纺织机械--高等教育--教材 , 纺织机械 | |
| 电子资源: | ||
| ISBN: | 978-7-5180-0251-1 | |
| 000 | 00910nam0 2200253 45 | |
| 001 | 012001000444 | |
| 005 | 20130911143623.0 | |
| 010 | @a978-7-5180-0251-1@dCNY38.00 | |
| 100 | @a20140312d2014 em y0chiy50 ea | |
| 101 | 0 | @achi |
| 102 | @aCN@b110000 | |
| 105 | @aa z 000yy | |
| 106 | @ar | |
| 200 | 1 | @a纺织机械基础@Afang zhi ji xie ji chu@b专著@f孟长明主编 |
| 210 | @a北京@c中国纺织出版社@d2021.2 | |
| 215 | @a192页@c图@d26cm | |
| 300 | @a纺织高等教育“十二五”部委级规划教材 | |
| 330 | @a本书主要介绍了纺织机械通用零件结构知识,纺织机械的基本原理和结构。包括:纺织机械的常用材料、机构,摩擦润滑知识。还有整经、倍捻、浆纱等前道准备机械和织机的开口、引纬、打纬、卷取送经等机构的基础内容。 | |
| 606 | 0 | @a纺织机械@x高等教育@j教材 |
| 606 | 0 | @a纺织机械 |
| 690 | @aTS103@v5 | |
| 701 | 0 | @a孟长明@Ameng zhang ming@f(1959 )@4主编 |
| 801 | 0 | @aCN@bBJSDL@c20211011 |
| 905 | @b1335242-5@dTS103@e25@f4 | |
| 纺织机械基础/孟长明主编.-北京:中国纺织出版社,2021.2 |
| 192页:图;26cm |
| 纺织高等教育“十二五”部委级规划教材 |
| ISBN 978-7-5180-0251-1:CNY38.00 |
| 本书主要介绍了纺织机械通用零件结构知识,纺织机械的基本原理和结构。包括:纺织机械的常用材料、机构,摩擦润滑知识。还有整经、倍捻、浆纱等前道准备机械和织机的开口、引纬、打纬、卷取送经等机构的基础内容。 |
| ● |
| 相关链接 |
|
|
|
|
正题名:纺织机械基础
索取号:TS103/25
 
预约/预借
| 序号 | 登录号 | 条形码 | 馆藏地/架位号 | 状态 | 备注 |
| 1 | 1335242 | 213352423 | 第二样本阅览室/ [索取号:TS103/25] | 在馆 | |
| 2 | 1335243 | 213352432 | 第三借阅区/ [索取号:TS103/25] | 在馆 | |
| 3 | 1335244 | 213352441 | 第三借阅区/ [索取号:TS103/25] | 在馆 | |
| 4 | 1335245 | 213352450 | 第三借阅区/ [索取号:TS103/25] | 在馆 |